Datum a čas kvízu
29.5
Celkem bodů
Celkový počet nahraných bodů na tomto kvízu bez doplňovacích otázek.
3.
Pořadí na kvízu
Konečné umístění týmu na tomto kvízu.
Zaznamenané odpovědi
| # | Otázka | Odpověď | Body | Výsledky |
|---|---|---|---|---|
| 1. | Jistá česká osobnost získala m... | Václav Havel | 0 | |
| 2. | Skotský parlament minulý týden... | o menstruační potřeby | 1 | |
| 3. | V pondělí jsme mohli zaznamena... | Kancelář Blaník | 0 | |
| 4. | Britský maloobchodní řetězec T... | mají různé odstíny podle barev pleti | 0 | |
| 5. | Londýnský fotbalový velkoklub... | Olympiakos Pireus | 0 | |
| 6. | Peníze máme v ruce každý den,... | Padělání bankovek se trestá podle zákona. | 0 | |
| 7. | Která z těchto osobností jako... | A | 0 | |
| 8. | Celkem kolikrát je na obou str... | čtyřikrát | 0 | |
| 9. | Kolik Kč činí nominální hodnot... | 200 Kč | 1 | |
| 10. | Které z mincí o hodnotě 1 až 5... | všechny | 0 |